[Event "Tata Steel-A 79th"]
[Site "Wijk aan Zee"]
[Date "2017.01.22"]
[Round "8"]
[White "Rapport, Richard"]
[Black "Carlsen, Magnus"]
[Result "1-0"]
[WhiteElo "2702"]
[BlackElo "2840"]
[Annotator "Lenderman,Aleksandr"]
[PlyCount "65"]
[EventDate "2017.01.14"]
[EventType "tourn"]
[EventRounds "13"]
[EventCountry "NED"]
[EventCategory "21"]
[SourceTitle "CBM 177"]
[Source "ChessBase"]
[SourceDate "2017.03.16"]
[SourceVersion "1"]
[SourceVersionDate "2017.03.16"]
[SourceQuality "1"]

1. Nf3 $5 {Stopping 1...e5 first of all.} d5 2. b3 $5 {Now that Black can't play 2...e5, White plays this setup with b3. Richard Rapport is well-known to be a creative player in general, and also in the openings. Richard also played b3 on move 1 against Sergey Karjakin but in that game if anyone was better, it was Sergey, so Richard decided to adjust his play a bit, and it worked very well.} Bf5 3. Bb2 e6 4. d3 h6 5. Nbd2 Nf6 6. c4 c6 7. g3 Be7 8. Bg2 O-O 9. O-O Nbd7 10. a3 a5 {Stopping White from expanding on the queenside with b4.} 11. Qb1 $5 {Preparing b4 anyway.} Bh7 12. b4 axb4 13. axb4 Qb6 14. Bc3 Rxa1 15. Qxa1 Bxb4 16. Bxb4 Qxb4 17. Rb1 Qd6 18. Rxb7 e5 19. d4 $146 ({RR} 19. cxd5 cxd5 20. d4 e4 21. Ne5 Bf5 22. Qb2 Qa6 23. Nxd7 Bxd7 24. Nf1 Bg4 25. Rb5 Ra8 26. h3 Bd7 27. Rb6 Qc4 28. Ne3 Qa4 29. Kh2 Be6 30. Rb4 Qa2 31. Nf1 g5 32. g4 h5 33. gxh5 Qxb2 {Jakits,L (2110)-Mostbauer,F (2261) Austria 2017 ½-½ (54)}) 19... exd4 20. Nxd4 c5 21. N4b3 d4 $5 {An ambitious move. If Magnus wanted a quieter, simplified game, he could've opted for 21...dxc4. But probably Magnus, after a heartbreaking draw last round against Anish Giri, wanted to try hard to win this game with Black against Richard Rapport, who had been having a difficult tournament up to this point.} (21... dxc4 22. Nxc4 Qe6 23. Ne3 Be4 24. Bxe4 Nxe4 $11 {should just be dead equal.}) 22. Bh3 d3 $6 {This decision is very double-edged since it makes Black's bishop on h7 bad, and gives White strong control of the centre. On the other hand, Magnus thinks that the d3-pawn will be enough of a trump, that it will compensate for the drawbacks in his position. It turned out to be a bit too optimistic.} (22... Rb8 23. Rxb8+ Qxb8 24. Qa5 Qc8 {should still be quite balanced.}) 23. e3 $1 {White correctly now doesn't simplify the game, and keeps the tension to his advantage. A lot of players might have just tried to release the tension to get closer to a draw if they were playing Magnus. But Richard to his credit is a very fighting player, even when his tournament isn't going the way he would like it to be. I really applaud that.} (23. exd3 $6 Qxd3 $11) (23. e4 $5) 23... Ne5 $6 {A natural move, but considering that Black had already started playing unbalanced chess he should probably have tried to continue going that route.} (23... g5 $1 {After this prophylactic move White might be better but it's still not so clear. At least White can't easily expand in the centre, like he was able to do in the game.}) 24. Bg2 $1 (24. f4 $2 Nf3+ $1 25. Nxf3 Be4 $15 {was a nice trap by Magnus, and perhaps Richard saw it and that's why avoided it and played the strong consolidating move, g2.}) 24... Rc8 (24... Ned7 {The funny thing is, Stockfish thinks going back with ed7 is the best move. The knight on e5 turns out to be really misplaced, since it will get hit with e4 and f4.}) 25. f4 Neg4 26. e4 Re8 $5 {At this point sacrifising a piece might be the best practical chance, since Black is already getting streamrollered.} 27. e5 Nxe5 28. fxe5 Rxe5 29. Rb6 $1 {Very nice geometry.} Qe7 30. Rb8+ Ne8 31. Bc6 Re1+ 32. Qxe1 Qxe1+ 33. Nf1 {Black resigned because he will be down a piece in the endgame which is completely hopeless. A very nice game by Richard Rapport, trying to play a fighting game against Magnus, playing logical chess, keeping the tension, and taking full advantage of Magnus's over-ambitious play at one moment.} 1-0

[Event "Moscow Tal Memorial 8th"]
[Site "Moscow"]
[Date "2013.06.22"]
[Round "8"]
[White "Carlsen, Magnus"]
[Black "Nakamura, Hikaru"]
[Result "1-0"]
[WhiteElo "2864"]
[BlackElo "2784"]
[Annotator "Krasenkow,Michal"]
[PlyCount "93"]
[EventDate "2013.06.13"]
[EventType "tourn"]
[EventRounds "9"]
[EventCountry "RUS"]
[EventCategory "22"]
[SourceTitle "CBM 155"]
[Source "ChessBase"]
[SourceDate "2013.07.16"]
[SourceVersion "1"]
[SourceVersionDate "2013.07.16"]
[SourceQuality "1"]

1. c4 e6 2. g3 d5 3. Bg2 c6 4. Qc2 Nf6 5. Nf3 dxc4 6. Qxc4 b5 7. Qb3 Bb7 8. O-O Nbd7 9. d4 a6 10. Ne5 Qb6 {A rare and probably less accurate continuation instead of the main move} (10... Nxe5 {, examined in my survey in CBM 150. After that White sometimes sacrifices his e5-pawn obtaining a positional compensation (active pieces etc.). However, in future Black's queenside pawn advantage can become essential. Here are some recent games:} 11. dxe5 Nd5 12. Nc3 Be7 13. Ne4 O-O $5 {[%cal Yc6c5] is probably simpler:} (13... Qc7 14. Nd6+ $5 (14. Bf4 Nxf4 15. gxf4 O-O 16. a4 Rad8 17. Rfc1 Rd4 $132 {1/2 (31) Ni Hua (2641)-Frolyanov,D (2555) Moscow 2012}) (14. Bg5 Bxg5 15. Nxg5 Qxe5 16. Ne4 O-O 17. Nc5 {[%csl Gd5]} Qc7 18. Rfc1 Rad8 19. Qc2 Bc8 20. Nd3 Bb7 $13 {1-0 (52) Bruzon Batista,L (2694)-Leitao,R (2623) Quito 2012 CBM 150 [Krasenkow,Michal]}) 14... Bxd6 15. exd6 Qxd6 16. Rd1 (16. e4 Nb6 $13) 16... Qe7 17. e4 Nb6 18. Qc3 O-O 19. b3 c5 (19... Nd7 {[%cal Ye6e5,Yc6c5] may be a bit more accurate}) 20. Qa5 Qc7 21. Bf4 e5 22. Be3 Rac8 23. Rac1 (23. Bh3 $1 Rcd8 24. f3 $14) 23... Nd7 24. Qxc7 Rxc7 25. Bh3 Bc8 26. Bxd7 Rxd7 27. Rxd7 Bxd7 28. Rxc5 f6 $11 {1/2 (31) Maletin,P (2567)-Yudin,S (2546) Kirov 2012}) 14. Be3 (14. Rd1 c5 15. a4 c4 $13) 14... Nxe3 15. Qxe3 c5 16. Rac1 c4 (16... Bxe4 $5) 17. b3 Qc7 18. bxc4 Qxe5 19. Nf6+ Bxf6 20. Qxe5 Bxe5 21. Bxb7 Ra7 $11 {1/2 (25) Shyam,S (2484)-Vaibhav,S (2494) Kolkata 2012}) 11. Be3 c5 12. Nxd7 Nxd7 13. d5 e5 $2 {[%mdl 32] A big positional mistake.} (13... exd5 14. Bxd5 Bxd5 15. Qxd5 Rd8 (15... Rc8 16. a4 b4 (16... Be7 17. axb5 axb5 18. Nc3 $36 {- Black can't castle}) 17. Nd2 Nf6 18. Qe5+ Qe6 19. Qxe6+ fxe6 20. Rac1 Be7 21. Nc4 O-O 22. f3 Rfd8 23. Rfd1 $14 {1-0 (59) Smirnov,P (2599)-Zontakh,A (2556) Sochi 2012}) 16. a4 Be7 17. axb5 axb5 18. Nc3 O-O 19. b4 (19. Qe4 $142 $14) 19... Qf6 20. Nxb5 cxb4 21. Ra7 Nc5 $11 {1/2 (44) Meier,G (2656)-Ponomariov,R (2764) Dortmund 2011}) 14. a4 {Black will be forced to play ...b5-b4 or ...b5xa4 weakening his position.} b4 (14... Bd6 {is even worse:} 15. axb5 axb5 16. Rxa8+ Bxa8 17. Nc3 b4 18. Qa4 $1 $16) ({If} 14... c4 {then} 15. Bxb6 cxb3 16. Bc7 Bb4 (16... Rc8 17. d6) 17. axb5 axb5 18. Rxa8+ Bxa8 19. Rc1 O-O 20. Nc3 $16) 15. Nd2 Bd6 16. Nc4 {[%csl Gc4]} (16. Rac1 $5 {[%csl Rc5][%cal Yd2e4]}) 16... Qc7 17. f4 (17. Bh3 $5 Nf6 (17... Bxd5 18. Rfd1 Bxc4 19. Qxc4 Nf6 20. Bg2 $16) 18. Bg5 Bxd5 (18... Nxd5 19. Rad1 h6 20. Bh4) (18... Ne4 19. Bh4 {[%cal Yh3g2]}) 19. Rfd1 Bxc4 20. Qxc4 $16) 17... O-O (17... exf4 $143 18. Nxd6+ Qxd6 19. Bxf4 Qg6 20. Qe3+) 18. Rac1 exf4 (18... Rae8 $5 19. fxe5 Bxe5 {may be more stubborn.}) 19. Bxf4 Bxf4 20. gxf4 {[%cal Ye2e4,Ye4e5]} a5 $146 ({RR} 20... Rad8 21. e4 Nf6 22. Ne3 Qb6 23. Qc4 Rfe8 24. e5 Nd7 25. Kh1 a5 26. Qb3 Qg6 27. Rg1 Kh8 28. Nc4 Nb6 29. d6 Bxg2+ 30. Rxg2 Qe6 31. Qg3 {1-0 (31) Malikentzos,S (2314)-Kourkoulos Arditis,S (2290) Athens 2014}) 21. e4 Rae8 (21... Ra6 $1 {was the only chance to put up resistance. If} 22. e5 ({or} 22. d6 Rxd6 23. Nxd6 Qxd6) {then} 22... Rg6) 22. e5 $18 {White's pawns now just sweep Black's pieces away.} Ba6 23. Rfe1 Kh8 (23... Bxc4 {was equally hopeless.}) 24. Nd6 Re7 (24... Rd8 $2 25. Nxf7+ Rxf7 26. d6 $18) 25. Qe3 (25. Qh3 $5 c4 26. Nxc4 Bxc4 27. d6 Qc5+ 28. Qe3 $18 Ree8 $140 29. Qxc5 Nxc5 30. Rxc4 Nxa4 31. Bc6 Rc8 32. d7 Rc7 33. Rd4 $1) 25... Qd8 (25... g5 26. Nf5 Ree8 (26... gxf4 27. Qxf4 Rxe5 28. d6 Rxe1+ 29. Rxe1 Qd8 30. Re7 $18 {}) 27. Qg3 $18) 26. b3 $1 {A good prophylactical move stopping ...c5-c4.} g5 27. Kh1 (27. Nf5 Ree8 28. Qg3 $18 {was more energetic} Rg8 $140 29. Nh6) 27... Qb8 28. Qf2 gxf4 (28... Bd3 29. Nb7 $1 gxf4 30. Nxc5 $18) 29. Qxf4 Bd3 30. Re3 $4 {[%mdl 8192] A tactical oversight, however, not taken advantage of by Black.} (30. Bh3 $1 {, liquidating the main defender of Black's position (the d7), was the best way to finish the game off. If} Qa8 {then} 31. Rxc5 $1 (31. Qf3 {is also possible}) 31... Nxc5 32. Qf6+ Kg8 33. Rg1+ Bg6 34. Nf5 Qxd5+ 35. Bg2 $18) 30... Bg6 $4 (30... Rxe5 $1 31. Rxe5 Qxd6 32. Rf5 Qxf4 33. Rxf4 c4 $1 {, and the position becomes unclear.}) 31. Rf1 $2 ({Again} 31. Bh3 {was winning}) 31... Rxe5 $1 {This is less effective than a move earlier but still creates serious problems for White.} 32. Rxe5 Qxd6 33. Re8 (33. Re3 {deserved attention, not exchanging Black's passive rook.}) 33... Qxf4 34. Rxf8+ Kg7 35. Rxf4 Kxf8 {[%cal Yf8e7][%mdl 4096]} 36. d6 $1 Ne5 {[%cal Yf8e8,Ye8d7]} 37. Bf1 $1 Bc2 38. Bb5 f5 (38... Bxb3 39. Rf5 f6 40. Rxf6+ Nf7 41. d7 $1 Ke7 42. Rf5 Be6 43. Rxc5 {, and White should win.}) 39. Kg2 c4 $2 {This miscalculation hastens Black's defeat.} (39... Nf7 $142 40. d7 Ke7 41. Rf2 $1 Bxb3 42. Rxf5 {etc. like in the previous annotation.}) 40. Bxc4 Be4+ 41. Kg3 Nxc4 42. bxc4 Ke8 {Or else:} (42... b3 43. Rf2 Bc2 44. Re2 $1 b2 45. d7 b1=Q 46. d8=Q+ $18) (42... Kf7 43. c5 (43. Rf2 $143 Ke6 44. c5 Bc6) 43... b3 (43... Ke6 44. Rh4 $3 b3 45. Rh6+ Kd7 46. Rxh7+ Kd8 (46... Ke6 47. d7) 47. Rh8+ Kd7 48. Rb8 $18) 44. Rf2 Bc2 (44... Ke6 45. Rb2 Bc2 46. Kf4 h6 47. h3 h5 48. h4 $18) 45. d7 b2 (45... Ke7 46. Rd2 Kd8 47. c6) 46. d8=Q b1=Q 47. Qd7+ Kf8 48. Qd4 Qg1+ 49. Kh4 $18) 43. c5 Bc6 (43... b3 44. Rf2 Kd7 (44... Bc2 45. c6 b2 46. c7 Kd7 47. Rxc2 $18) 45. Rb2 Bc2 46. Kf4 Ke6 47. h3 h6 48. h4 h5 {is not a reciprocal zugzwang as White can play} 49. Kg5 $18) 44. Rxf5 Bxa4 45. Re5+ Kd8 46. Re7 Bc6 47. Rc7 (47. Rc7 Bd5 48. c6 b3 49. Rd7+ $1 Kc8 50. Rxh7 Bxc6 51. Rc7+ Kd8 52. Rxc6 a4 53. Rb6 $18) 1-0

[Event "Gausdal Classic"]
[Site "Gausdal"]
[Date "2004.09.29"]
[Round "7"]
[White "Gronn, Atle"]
[Black "Carlsen, Magnus"]
[Result "0-1"]
[WhiteElo "2409"]
[BlackElo "2567"]
[Annotator "Ribli,Zoltan"]
[PlyCount "44"]
[EventDate "2004.09.23"]
[EventType "tourn"]
[EventRounds "9"]
[EventCountry "NOR"]
[EventCategory "10"]
[SourceTitle "CBM 104"]
[Source "ChessBase"]
[SourceDate "2005.01.27"]
[SourceVersion "1"]
[SourceVersionDate "2005.01.27"]
[SourceQuality "1"]

1. Nf3 Nf6 2. c4 e6 3. g3 d5 4. Bg2 d4 {Das ist eine agressive Fortsetzung, die ruhigen (und gewöhnlichen) Alternativen sind 4...dxc4 und 4...e7. Es ist wahr, dass wir nach der Partiefortsetzung eine assymetrische Stellung mit beiderseitigen Chancen bekommen, aber die weißen Aussichten scheinen etwas besser zu sein.} 5. O-O (5. b4 a5 (5... c5 $5) 6. Bb2 $5 c5 7. bxc5 Bxc5 8. e3 Nc6 9. O-O O-O 10. Na3 e5 11. Nb5 {1-0 Ehlvest,J-Pomes Marcet,J/Terrassa 1991/CBM 24 (51)}) 5... Nc6 (5... c5 6. e3 Nc6 7. exd4 cxd4 8. d3 Bd6 9. Re1 O-O (9... h6 $5) 10. a3 a5 11. Bg5 $5 {Ftacnik: 'The world junior champion U20 Aronian rarely combines strategic talent with an excellent tactical abilities, we shall hear much more about him in the future. '} h6 12. Bxf6 Qxf6 13. Nbd2 {[%cal Gd2e4,Ge4d6,Ge4f6]} Qd8 (13... Qe7 {Ftacnik} 14. Nb3) 14. Rc1 {[%cal Gc4c5] 1-0 Aronian,L-Filippov,V/Istanbul 2003/CBM 96/[Ribli] (46) Weiß bereitet den Plan 15.c5, 16.c4 vor und Schwarz hat keine gute Abwehr.}) 6. d3 Be7 7. e3 (7. Na3 O-O 8. Nc2 a5 9. b3 e5 10. Bb2 Re8 11. Qd2 Bc5 12. a3 Qe7 13. Rfb1 Bg4 14. h3 Bh5 15. Ng5 h6 16. Ne4 Nxe4 17. Bxe4 Qe6 18. Bg2 Qd6 {½-½ Wegerle,J-Volke,K/Germany 2000/CBM 82 ext (29)}) 7... e5 8. exd4 exd4 9. Re1 {Wir haben eine Stellung, die typisch in der Benoni Verteidigung ist, jedoch mit vertauschten Farben.} O-O 10. Bf4 Bf5 ({RR} 10... Nd7 11. h4 h6 12. Na3 Nc5 13. Ne5 Nxe5 14. Rxe5 c6 15. Re1 Bf5 16. Bf1 a5 17. Nc2 Ne6 18. Bc1 Bd6 19. Qf3 Qf6 20. b3 Qg6 21. Ba3 c5 22. Bc1 Nd8 23. h5 Bg4 24. Qd5 Qf6 25. Bg2 {Skrbec,L (2255)-Mica,M (2372) Trencin SVK 2025 0-1 (45)}) 11. Ne5 $146 {Das ist ein bekanntes Motiv in solchen Stellungen, aber - meiner Meinung nach - wäre es besser zuerst den b1-Springer zu entwickeln.} (11. Nbd2 $5 Bd6 (11... Bxd3 $6 12. Qb3 {[%cal Rb3b7,Rb3d3]} Nb4 $2 13. Rxe7 $1 Qxe7 14. Re1 Qc5 (14... Be2 15. Nxd4 $18) 15. a3 Nc2 16. Re5 $18) (11... Re8 12. Ne5 Nxe5 13. Rxe5 $14) 12. Bg5 h6 13. Bxf6 Qxf6 14. Ne4 Bxe4 15. Rxe4 Rae8 16. Nd2 $14 {[%cal Gg2b7,Gd2e4]}) (11. Na3 $14 {[%cal Ga3b5,Ga3c2]}) (11. a3 {[%cal Gb2b4]} a5 12. Ne5 $14) ({RR} 11. a3 a5 12. Ne5 Nxe5 13. Bxe5 c6 14. Bxf6 Bxf6 15. Be4 Bxe4 16. Rxe4 a4 17. Nd2 Qb6 18. Rb1 g6 19. Nf3 Ra5 20. Qd2 Rf5 21. Kg2 Bg7 22. Qb4 Qd8 23. Nh4 Re5 24. Rxe5 Bxe5 25. Nf3 Qc7 {Parkkinen,J (2118)-Tuovinen,J (2116) Helsinki 2002 1-0 (41)}) 11... Nxe5 12. Rxe5 Qd7 $1 {Schwarz opfert einen Bauern. Diese Fortsetzung ist klar besser als der passive Läuferzug 12...c8?} 13. Bxb7 Rab8 $44 {Schwarz hat einen Entwicklungsvorteil und eine gute Figurenkoordination, die ausreichend Kompensation für den Bauern geben.} 14. Qf3 $2 (14. Rb5 Bd6 (14... Bg4 15. Qb3 Rbe8 $44) 15. Bxd6 Qxd6 16. Rxf5 Rxb7 17. b3 Re8 18. Nd2 c5 $44 {[%cal Gb7e7,Ge8e1]}) 14... Bg4 $36 {[%mdl 2048] Schwarz hat ein ausgezeichnetes Figurenspiel.} 15. Qc6 (15. Qg2 Bd6 16. Bc6 Qd8 17. Rb5 Bxf4 18. gxf4 Qd6 $36 {[%cal Rd6f4]}) 15... Bd6 {[%csl Re5][%cal Rd6f4] Der e5 steht unglücklich.} 16. Na3 (16. Rb5 Qxc6 17. Bxc6 Bxf4 18. gxf4 Be2 $17 {[%csl Rd3,Ge2] Schwarz gewinnt - mit besserer Stellung - den Bauern zurück.}) 16... Bxe5 $17 17. Bxe5 Qf5 18. Bf4 g5 $2 (18... Qxd3 19. Bxc7 Rbe8 20. Bd6 Ne4 21. Bxf8 Qf3 22. Rf1 (22. Qxe4 Rxe4 $19) 22... Bh3 $19) 19. f3 $2 {[%mdl 8192] Weiß nutzt seine taktischen Chancen nicht.} (19. Bxc7 $142 $1 Rxb7 (19... Rbe8) 20. Qxb7 Bf3 21. Qb5 Nd5 (21... Qh3 $4 22. Qxg5+ Kh8 23. Qxf6+ $18) 22. Nc2 $8 Qh3 23. Ne1 Be2 24. Ng2 Bf3 25. Ne1 $11) 19... gxf4 $19 20. fxg4 Nxg4 {[%csl Rg1] Schwarz hat einen großen Materialvorteil und einen überlegenen Angriff am Königsflügel.} 21. Rf1 Qh5 {[%cal Rh5h2,Rh2g1]} 22. h4 (22. Qg2 Rxb7 $19) 22... fxg3 0-1

[Event "Tata Steel-A 80th"]
[Site "Wijk aan Zee"]
[Date "2018.01.19"]
[Round "6"]
[White "Svidler, Peter"]
[Black "Carlsen, Magnus"]
[Result "1/2-1/2"]
[WhiteElo "2768"]
[BlackElo "2834"]
[Annotator "Yermolinsky,Alex "]
[PlyCount "61"]
[EventDate "2018.01.13"]
[EventType "tourn"]
[EventRounds "13"]
[EventCountry "NED"]
[EventCategory "20"]
[SourceTitle "CBM 183"]
[Source "ChessBase"]
[SourceDate "2018.03.14"]
[SourceVersion "1"]
[SourceVersionDate "2018.03.14"]
[SourceQuality "1"]

1. c4 {[%emt 0:00:00]} e6 {[%emt 0:00:58]} 2. Nc3 {[%emt 0:00:06]} Bb4 $5 {[%emt 0:00:08] Back in the day we used to call it a Poor Man's Nimzo, but, in fact, it is a fully playable line.} 3. Qb3 {[%emt 0:01:20]} c5 {[%emt 0:00:20]} ({The more solid} 3... Ba5 {was seen in Giri-Kramnik earlier in this tournament.}) 4. Nb5 $5 {[%emt 0:07:54] This extravagant move has been known for some time. I'm sure Carlsen counted on it in his preparation.} Nc6 {[%emt 0:07:15]} 5. Nd6+ {[%emt 0:00:58]} Kf8 {[%emt 0:02:27]} (5... Ke7 $5 6. Qg3 Kf8 {is an interesting nuance. The white queen may find itself not supported by other pieces, and therefore, out of place on the kingside.}) 6. Nf3 $6 {[%emt 0:01:10] It is funny to even question this natural developing move, but the thing is, that knight is going to be driven back!} ({Instead, let's take a look at one possible alternative:} 6. g3 Qe7 7. Nxc8 Rxc8 8. Bg2 Nf6 9. Nf3 e5 10. O-O e4 $6 ({A more reasonable move is} 10... g6 11. d3 Kg7 $14) 11. Ne1 Nd4 12. Qd1 {It may seem from a casual glance that Black has made some progress, but his position has a rotten foundation. The absence of a light-squared bishop, a stray bishop on b4, uncastled king and disconnected rooks do not inspire confidence in his success in the long run. One thing left to do is to play} h5 {and hope for the best.}) 6... Qe7 {[%emt 0:01:30]} 7. Nxc8 $146 {[%emt 0:01:26]} ({RR} 7. Qd3 Ba5 8. a3 Bc7 9. Nxc8 Rxc8 10. g3 h5 11. Bg2 Nh6 12. b4 cxb4 13. axb4 Nxb4 14. Qb3 a5 15. O-O Nf5 16. e4 Nd6 17. e5 Nf5 18. d4 d6 19. Bg5 f6 20. exf6 gxf6 21. Bd2 h4 {Landa,K (2632)-Lisek,J (2316) Germany 2003 1-0 (35)}) 7... Rxc8 {[%emt 0:00:02]} 8. e3 {[%emt 0:12:28]} e5 $5 {[%emt 0:02:03] Carlsen is absolutely right: Black must act fast and disrupt White's smooth development.} ({In that respect} 8... g5 $5 {also comes into consideration.}) 9. Qc2 {[%emt 0:01:00]} e4 {[%emt 0:09:34]} 10. Ng1 {[%emt 0:00:22]} Nf6 {[%emt 0:02:12]} 11. Ne2 {[%emt 0:03:05]} Ba5 {[%emt 0:02:12]} 12. a3 {[%emt 0:05:21]} h5 $1 {[%emt 0:13:39] A remarkable move. It serves as a deterrent against White's idea of fianchettoing his light-squared bishop, and prepares a possibility of development for the h8-rook.} (12... d5 13. cxd5 Nxd5 14. Ng3) 13. b3 {[%emt 0:09:03]} (13. g3 $2 h4) 13... Rd8 {[%emt 0:03:20] Magnus prepares to open the d-file to pressurise d2.} ({He could have done so right away,} 13... d5 14. cxd5 Nxd5 15. Ng3 (15. Bb2 Ncb4 16. axb4 Nxb4 17. Qb1 Nd3+ 18. Kd1 Nxf2+ 19. Ke1 Nd3+ 20. Kd1 {would give Black a choice between a draw by repetition, and a more ambitious try} Bb4 $5) 15... Nf6 16. h4 {and play} Rd8 {then. Either way, Black is getting some play, and possibly, more!}) 14. Bb2 {[%emt 0:10:30]} d5 {[%emt 0:12:59]} 15. cxd5 {[%emt 0:00:22]} Rxd5 {[%emt 0:02:49]} 16. O-O-O $1 {[%emt 0:05:09] Excellent play by Svidler. With the black rook off the c-file he is safe against all ...b4 tricks.} Ng4 $1 {[%emt 0:01:25] Once again Carlsen shows his deep understanding of dynamic factors.} ({A slow approach, such as} 16... h4 17. Nf4 Rd8 {would allow White to switch to positional tracks with} 18. Bb5 $5 Bc7 19. Bxc6 bxc6 20. d3 $14) 17. Ng3 $5 {[%emt 0:23:27] Peter Svidler is no stranger to tactical battles. He knows the value of being the one in the driver's seat.} ({He rejected} 17. Nf4 Rf5 18. Nh3 {most likely on account of} c4 $1 ({Not} 18... Nxf2 19. Nxf2 Rxf2 20. Bc4 f6 21. Bd5 $14) 19. b4 (19. Bxc4 b5 {look out for that rook coming to c5!}) 19... Bxb4 20. axb4 Nxb4 21. Qa4 b5 {with a big intiative for Black.}) 17... Nxf2 {[%emt 0:00:47]} 18. Bc4 {[%emt 0:01:33]} Nxd1 {[%emt 0:10:24]} 19. Rxd1 {[%emt 0:00:17]} Rg5 $1 {[%emt 0:09:43] The white knight had to be kept off f5.} 20. Rf1 {[%emt 0:00:35] This looks very difficult to defend, but no worries, it's Magnus at the controls.} Nd8 $1 {[%emt 0:00:09]} (20... f6 $2 21. Nxe4 Rxg2 22. Nxf6 $1 $18) 21. Nf5 {[%emt 0:07:57]} ({With no target present on f6} 21. Nxe4 {is pointless:} Rxg2 $15) 21... Qd7 {[%emt 0:00:09]} 22. Qxe4 {[%emt 0:00:08]} Rg4 {[%emt 0:02:30] Carlsen's move forces White's hand.} (22... b5 23. Bd5 h4 24. Qf3 {is very much unclear.}) 23. Bxg7+ {[%emt 0:06:21] After some consideration Svidler decided to wrap up this exciting game.} ({I can't blame him for taking a draw, as} 23. Qc2 Rxg2 24. Bxg7+ Rxg7 25. Nxg7 {would have led to an ending,} Qxd2+ ({no need to allow} 25... Kxg7 $6 26. b4 $1) 26. Qxd2 Bxd2+ 27. Kxd2 Kxg7 28. Ke2 b6 29. Rd1 Nc6 30. Rd7 Ne5 31. Rxa7 Rh6 {where chances are about even.}) 23... Rxg7 {[%emt 0:04:05]} 24. Nxg7 {[%emt 0:00:09]} Qxd2+ {[%emt 0:01:03] All is forced now.} 25. Kb1 {[%emt 0:00:05]} Bc3 {[%emt 0:00:37]} 26. Rxf7+ {[%emt 0:00:31]} Nxf7 {[%emt 0:00:03]} 27. Qe8+ {[%emt 0:01:37]} Kxg7 {[%emt 0:00:02]} 28. Qxf7+ {[%emt 0:00:04]} Kh6 {[%emt 0:00:12]} 29. Qf4+ {[%emt 0:00:06]} Kg6 {[%emt 0:00:14]} 30. Qf7+ {[%emt 0:00:04]} Kh6 {[%emt 0:00:07]} 31. Qf4+ {[%emt 0:00:04] With draws like this, who needs decisive games?} 1/2-1/2